00203nam a22000977a 4500040000700000082000800007100000800015245005400023260002000077300000800097 cSK a664 aFAO aValidation of analytical methods for food control aROMEbFAOc1998 aNA.